000 00613nam a2200217Ia 4500
003 OSt
005 20220923225003.0
006 a|||||r|||| 00| 0
007 ta
008 Pun
024 _a254,734
037 _cTextual
040 _aARTS
_cARTS
_bPun
041 _2Pun
_aPun
082 _aO153972,1:g(R3), N8
100 _aਜਸਪਾਲ ਕੌਰ
245 0 _aਕਨਾਡਾ ਦੀ ਪੰਜਾਬੀ ਕਵਿਤਾ ਦਾ ਵੈਗਿਆਨਿਕ ਅਧਿਐਨ
260 _c1998
942 _hO153972,1:g(R3), N8
_cTEXL
_2CC
999 _c375259
_d375259